Comuni della Provincia di La Spezia (con mappa) - Statistics

Statistiche generali
  • Questo quiz è stato fatto 25 volte
  • Il punteggio medio è 19 su 32
Risposte nella Mappa
Le risposte nella mappa del quiz sottostante sono codificate secondo una scala di colori dal rosso al verde in base alla % di persone che hanno risposto correttamente.
 
Statistiche sulle risposte
Risposta % Corretto
La Spezia
94%
Vernazza
88%
Levanto
81%
Monterosso al Mare
81%
Portovenere
81%
Sarzana
81%
Bonassola
69%
Lerici
69%
Riomaggiore
69%
Deiva Marina
63%
Framura
63%
Luni
63%
Santo Stefano di Magra
63%
Ameglia
56%
Arcola
56%
Brugnato
56%
Beverino
50%
Bolano
50%
Borghetto di Vara
50%
Calice al Cornoviglio
50%
Castelnuovo Magra
50%
Follo
50%
Maissana
50%
Pignone
50%
Riccò del Golfo di Spezia
50%
Varese Ligure
50%
Vezzano Ligure
50%
Carro
44%
Carrodano
44%
Rocchetta di Vara
44%
Sesta Godano
44%
Zignago
44%
Nessun quiz corrispondente trovato
Distribuzione punteggi
Percentuale di utenti per punteggio
Percentile per numero di risposta
I tuoi punteggi nel tempo
Non hai fatto questo quiz